000 00758nam a2200265Ia 4500
005 20260302115715.0
008 008 260114s9999 xx 000 0 eng d
020 _a9781509961047
037 _aTextbook
040 _aCRL
040 _beng
040 _cCRL
041 _2eng
041 _aeng
084 _qCRL
100 _aJodi Gardner, Amy Goymour, Janet O’Sullivan and Sarah Worthington
_91122409
245 0 _aPolitics, Policy and Private Law Volume II: Contract, Commercial and Company Law
260 _bBloomsbury
260 _bHart Publishing
260 _c2025
650 _aLaw
856 _uhttps://doi.org/10.5040/9781509961047?locatt=label:secondary_bloomsburyCollections
942 _cEBOOK
999 _c1687188
_d1687188